How nations negotiate

সংরক্ষণ করুন:
গ্রন্থ-পঞ্জীর বিবরন
প্রধান লেখক: Ikles, Fred Charles
বিন্যাস: গ্রন্থ
ভাষা:Undetermined
প্রকাশিত: New York Praeger 1967
বিষয়গুলি:
ট্যাগগুলো: ট্যাগ যুক্ত করুন
কোনো ট্যাগ নেই, প্রথমজন হিসাবে ট্যাগ করুন!
Thư viện lưu trữ: Trung tâm Học liệu Trường Đại học Cần Thơ
LEADER 00504nam a2200181Ia 4500
001 CTU_77537
008 210402s9999 xx 000 0 und d
082 |a 341.6 
082 |b I.26 
100 |a Ikles, Fred Charles 
245 0 |a How nations negotiate 
245 0 |c Fred Charles Iklé 
260 |a New York 
260 |b Praeger 
260 |c 1967 
650 |a Diplomatic negotiations in international disputes 
904 |i Nguyên,Hải 
980 |a Trung tâm Học liệu Trường Đại học Cần Thơ